000 00449nam a22001697a 4500
003 SGT
020 _a9789352700660
082 _a616.12
_bR17K
100 _aKAPOOR, POONAM MALHOTRA
245 _aREVIEW OF CARDIC ANESTHESIC & CARDIC CRITICAL CARE WITH 2100 MCQ'S
250 _a2ND
260 _aINDIA
_bJAYPEE PUB
_c2017
300 _a558
650 _aCRITICAL CARE
653 _aCARDIC ANESTHESIC & CARDIC CRITICAL CARE
942 _2ddc
_cBK
999 _c33426
_d33426